000 01060cam a2200289 i 4500
001 000001266
005 20200929145526.0
008 761229s1976 ja 000 1 eng
020 _a0860081656 :
040 _aDO-SdBNP
_cDLC
_dDLC
041 1 7 _aeng
_bjpn
_hCódigo de idioma MARC
082 _a895.634
_bS556f
100 1 _aShimazaki, Toson,
_d1872-1943.
_94299
240 1 0 _aIe.
_lEnglish
245 1 4 _aThe family /
_cToson Shimazaki, traducido por Cecilia Segawa Seigle.
260 _aTokyo :
_bUniversity of Tokyo Press,
_c1976.
300 _axxxiii, 311 p. ;
_c23 cm.
490 1 _aUNESCO collection of representative works
490 1 _aJapanese series
500 _aEtiqueta montado en verso de TP: Distribuidor exclusivo, ISBS, Inc., Forest Grove, Oregon.
534 _aTítulo original:
_tIe
650 4 _aNovela japonesa
_94300
650 4 _aLiteratura japonesa
_94301
700 1 _aSegawa Seigle, Cecilia,
_etr.
_94302
830 0 _aUNESCO collection of representative works ;
_pJapanese series
_94303
910 _aCatalogación por copia / LC
999 _c1209
_d1209